Analisis strategik terhadap penggunaan dan permintaan teknologi bagi industri nanas di Malaysia /
Saved in:
| Main Author: | |
|---|---|
| Format: | Thesis Book |
| Language: | Malay |
| Published: |
2011.
|
| Subjects: | |
| Tags: |
Add Tag
No Tags, Be the first to tag this record!
|
| LEADER | 01061cam a2200277 a 4500 | ||
|---|---|---|---|
| 001 | u852033 | ||
| 003 | SIRSI | ||
| 005 | 201202281233 | ||
| 008 | 120228s2011 my a t 000 0 may m | ||
| 040 | |a UMM | ||
| 043 | |a a-my--- | ||
| 090 | |a Q175 |b UM 2011 Mohjah | ||
| 100 | 0 | |a Mohd Johaary Abdul Hamid. | |
| 245 | 1 | 0 | |a Analisis strategik terhadap penggunaan dan permintaan teknologi bagi industri nanas di Malaysia / |c Mohd Johaary Abdul Hamid. |
| 260 | |c 2011. | ||
| 300 | |a xxi, 152 leaves : |b ill. ; |c 30 cm. | ||
| 502 | |a Dissertation (M.Sc.) -- Jabatan Pengajian Sains dan Teknologi, Fakulti Sains, Universiti Malaya, 2011. | ||
| 504 | |a Bibliography: leaves 132-138. | ||
| 650 | 0 | |a Pineapple |z Malaysia. | |
| 650 | 0 | |a Pineapple industry |z Malaysia. | |
| 650 | 0 | |a Canned pineapple |z Malaysia. | |
| 650 | 0 | |a Food crops |x Postharvest technology. | |
| 710 | 2 | |a Universiti Malaya. |b Jabatan Pengajian Sains dan Teknologi. | |
| 900 | |a NHS | ||
| 596 | |a 1 | ||
| 999 | |a Q175 UM 2011 MOHJAH |w LC |c 1 |i A515040526 |d 29/6/2012 |f 29/6/2012 |g 1 |l STACKS |m P01UTAMA |r Y |s Y |t TESIS |u 28/6/2012 | ||
